000 00641nmm a2200229 a 4500
003 AR-BaBNM
005 20251128203006.0
008 047019s1977 ||||||||||||||000 | spa||
040 _cAR-BaBNM
100 1 _aPalacio, Lino Enrique
245 1 0 _aDerecho procesal civil
_bprocesos de conocimiento [plenarios]
_n6
260 _aBuenos Aires
_bAbeledo-Perrot
_c1977
300 0 _a583 p.
500 0 _aIndice general p. 571-583
504 _aBibliografía a pie de página
650 4 _aDERECHO PROCESAL
650 4 _aPROCEDIMIENTO CIVIL
650 4 _aDERECHO CIVIL
650 4 _aLEGISLACION ARGENTINA
942 _cBK
998 _cAndrea
999 _c1415
_d1415